Minimalizácia emisií CO2 v rozvozných úlohách

Jedným z nových smerov v oblasti modelovania rozvozu je znižovanie emisií CO2 do ovzdušia prostredníctvom lepšieho plánovania trás prepravných prostriedkov. Najnovšia je snaha minimalizovať spotrebu paliva, respektíve emisie CO2 namiesto vzdialenosti realizovaného rozvozu. Minimalizácia emisií v okr...

Descrizione completa

Salvato in:
Dettagli Bibliografici
Autore principale: Brezina, Ivan, 1963-
Natura: Capitolo di libro
Lingua:slovacco
Soggetti:
Tags: Aggiungi Tag
Nessun Tag, puoi essere il primo ad aggiungerne!!

MARC

LEADER 00000nla a2200000 4500
001 0209444
005 20240502073500.0
041 0 |a slo 
044 |a SK 
245 1 0 |a Minimalizácia emisií CO2 v rozvozných úlohách  |c Ivan Brezina 
520 |a Jedným z nových smerov v oblasti modelovania rozvozu je znižovanie emisií CO2 do ovzdušia prostredníctvom lepšieho plánovania trás prepravných prostriedkov. Najnovšia je snaha minimalizovať spotrebu paliva, respektíve emisie CO2 namiesto vzdialenosti realizovaného rozvozu. Minimalizácia emisií v okružných úlohách. Kategorizácia nákladných vozidiel v závislosti na spotrebe paliva. 
610 2 0 |a tovar 
610 2 0 |a distribúcia 
610 2 0 |a modelovanie 
610 2 0 |a modely distribučné 
610 2 0 |a spotreba palív 
610 2 0 |a emisie 
100 1 |a Brezina, Ivan, 1963-